000 01050cam a2200241 i 4500
003 SA-RiAUC
005 20260413142931.0
008 260319s1938 ||| g 000 0bara c
040 _aSA-JeALM
_bara
_cSA-RiAUC
_erda
082 0 4 _a239
090 _aم ن 239
_bد ح ل
100 1 _aدحلان، عبد الله بن صدقة بن زيني،
_d1291-1360 هجري
_eمؤلف.
245 1 0 _aزبدة السيرة النبوية :
_bزبدة المجمل لصحيح المنقول من تاريخ حياة سيدنا الرسول /
_cعبد الله بن صدقة بن زيني دحلان الجيلاني.
246 3 0 _aالسيرة النبوية
264 1 _a[مكان النشر غير محدد] :
_b[الناشر غير محدد]،
_c1938
300 _a3 مجلد ؛
_c29 سم
336 _aنص
_btxt
_2rdacontent
_3كتاب
337 _aبدون وسيط
_bn
_2rdamedia
338 _aمجلد
_bnc
_2rdacarrier
650 7 _aالسيرة النبوية
_2aucsh
942 _2ddc
_cRBOOK COPY
_n0
949 _aSA-JeALM
_d260319
_umohamedma123
_n1
999 _c14773
_d14773